000 00450nam a2200157Ia 4500
003 GCL
008 140319s9999 xx 000 0 ara d
040 _aGCL /
_cGCL
082 0 4 _a239.9
_bع ص
100 1 _aعبدالسلام العشرى
245 1 0 _aصاحب اللواء مصعب بن عمير /
_cعبدالسلام العشرى
490 _a100 قصة
_v0
650 0 4 _aالاسلام
650 0 4 _aمصعب بن عمير
942 _2ddc
_cBK
999 _c43398
_d43398